书目信息 |
| 题名: |
金玉良言:只对女孩说
|
|
| 作者: | 威斯顿 , 晓梅 著 | |
| 分册: | ||
| 出版信息: | 上海 上海人民出版社 1999.12 |
|
| 页数: | 353页 | |
| 开本: | 32开 | |
| 丛书名: | ||
| 单 册: | ||
| 中图分类: | H319.4 | |
| 科图分类: | ||
| 主题词: | 英语 | |
| 电子资源: | ||
| ISBN: | 7-208-03346-3 | |
| 000 | 00619nam0 2200205 45 | |
| 001 | 0010251522 | |
| 005 | 20001025152450.9 | |
| 010 | @a7-208-03346-3@d18.00元 | |
| 100 | @a20001025d1999 km y0chiy0120 ea | |
| 101 | 0 | @achi |
| 105 | @a z 000yy | |
| 200 | 1 | @a金玉良言:只对女孩说@AJin Yu Liang Yan:Zhi Dui Nu Hai Shuo@f(美)威斯顿著;竟雄,晓梅译@F(Mei)Wei Si Dun Zhu;Jing Xiong,Xiao Mei Yi |
| 210 | @a上海@c上海人民出版社@d1999.12 | |
| 215 | @a353页@d32开 | |
| 606 | 0 | @a英语 |
| 690 | @aH319.4@v3 | |
| 701 | 0 | @a威斯顿@4著 |
| 701 | 0 | @a晓梅@4译 |
| 801 | @aCN@bPftUser@c20001025 | |
| 905 | @b188505-509@dH319.4@eW200@f5 | |
| 金玉良言:只对女孩说/(美)威斯顿著;竟雄,晓梅译.-上海:上海人民出版社,1999.12 |
| 353页;32开 |
| ISBN 7-208-03346-3:18.00元 |
| ● |
| 相关链接 |
|
|
|
正题名:金玉良言:只对女孩说
索取号:H319.4/W200
 
预约/预借
| 序号 | 登录号 | 条形码 | 馆藏地/架位号 | 状态 | 备注 |
| 1 | 188505 | 201885059 | 语言库209/209语言库 19排2列6层/ [索取号:H319.4/W200] | 在馆 | |
| 2 | 188506 | 201885068 | 语言库209/209语言库 19排2列6层/ [索取号:H319.4/W200] | 在馆 | |
| 3 | 188507 | 201885077 | 语言库209/ [索取号:H319.4/W200] | 在馆 | |
| 4 | 188508 | 201885086 | 语言库209/ [索取号:H319.4/W200] | 在馆 | |
| 5 | 188509 | 201885095 | 语言库209/209语言库 19排2列6层/ [索取号:H319.4/W200] | 在馆 |